Famous Rock Instrumentals - Statistics

General Stats
  • This quiz has been taken 37 times
  • The average score is 6 of 15
Answer Stats
Hint Answer % Correct
Star Spangled Banner (Woodstock) Jimi Hendrix
85%
Jessica Allman Brother Band
70%
Frankenstein Edgar Winter Group
67%
Eruption Van Halen
58%
Bron-Yr-Aur Led Zeppelin
52%
Any Colour You Like Pink Floyd
42%
Wipeout Surfaris
42%
Orion Metallica
39%
Peaches en Regalia Frank Zappa
33%
Maggot Brain Funkadelic
27%
Oh Yeah (Ferris Bueller's ending song) Yello
27%
Axel F Harold Faltermeyer
24%
Tequila The Champs
24%
Hamburger Train Primus
9%
Home Bound Ted Nugent
6%
No matching quizzes found
Score Distribution
Percent of People with Each Score
Percentile by Number Answered
Your Score History
You have not taken this quiz